Scuola di celli: für 10 violoncelli
Gardado en:
| Autor Principal: | |
|---|---|
| Formato: | Libro |
| Idioma: | alemán |
| Publicado: |
Mainz
Schott
1994
|
| Series: | Cello Bibliothek
|
| Subjects: | |
| Tags: |
Engadir etiqueta
Sen Etiquetas, Sexa o primeiro en etiquetar este rexistro!
|
MARC
| LEADER | 00000nam a2200000 a 4500 | ||
|---|---|---|---|
| 001 | UCR5502 | ||
| 003 | CL-VaPUC | ||
| 005 | 20250226122210.0 | ||
| 008 | 980327e19940000GW |||||||||||||||||ger|d | ||
| 999 | |c 268085 |d 268083 | ||
| 040 | |c Pontificia Universidad Católica de Valparaíso | ||
| 082 | 0 | 4 | |a Or784.7274 |b FRA |2 21 |
| 100 | 0 | |a Françaix, Jean |e author |9 406463 | |
| 245 | 1 | 0 | |a Scuola di celli: für 10 violoncelli |
| 260 | |a Mainz |b Schott |c 1994 | ||
| 300 | |a 45 p | ||
| 490 | 0 | |a Cello Bibliothek | |
| 583 | |a last modification |c 19980327 00:00:00 |k Rodrigo Vera | ||
| 650 | 0 | |a Orquesta de cuerdas |2 CL-VaPUC |9 328881 | |
| 650 | 0 | |a Música para violoncello |9 337408 | |
| 650 | 0 | |a Música de cámara |9 306547 | |
| 942 | |c BK |2 ddc | ||
| 945 | |d 19980327 00:00:00 |a rleighto | ||
| 952 | |0 0 |1 0 |4 0 |6 OR_784_727400000000000_FRA_1994 |7 0 |8 F |9 300998 |a BIBEDU |b BIBEDU |d 2019-11-20 |i 3408469 |o Or784.7274 FRA 1994 |p 3408469 |r 2023-11-22 |w 2019-11-20 |y BK_F |k MUS | ||